| 000 | 01884nam a2200553 i 4500 | ||
|---|---|---|---|
| 001 | 51672 | ||
| 003 | KOSZ 005 | ||
| 005 | 20230628071605.0 | ||
| 008 | 230627s2006 pl a g 001 0 pol | ||
| 015 | _aUWD 2006/11154 | ||
| 020 | _a8360174172 | ||
| 035 | _a991030463729705066 | ||
| 035 | _a(PL-WaBN)b18210831-48omnis_nlop | ||
| 035 | _ab18210831 | ||
| 035 | _a(OCoLC)749956931 | ||
| 035 | _azz2006760197 | ||
| 035 | _a(PL)b0000001821083 | ||
| 035 | _a(EXLNZ-48OMNIS_NETWORK)9910182306805606 | ||
| 040 |
_aWA N _cWA N _dKOSZ 005/RW |
||
| 041 | 1 |
_apol _heng |
|
| 046 | _k2004 | ||
| 080 | _a913(81) | ||
| 080 | _a(036) | ||
| 245 | 0 | 0 |
_aBrazylia / _c[project editor Jane Ladle ; przygotowanie edycji polskiej Bogdan Rudnicki ; tłumaczenie Dariusz Makulski]. |
| 246 | 1 |
_iTytuł oryginału: _aBrazil, _f2004 |
|
| 250 | _aWydanie I. | ||
| 260 |
_aWarszawa : _bMediaprofit, _c2006. |
||
| 300 |
_a372, [1] strony : _bilustracje (głównie kolorowe) ; _c23 cm. |
||
| 336 |
_aTekst _btxt _2rdacontent |
||
| 337 |
_aBez urządzenia pośredniczącego _bn _2rdamedia |
||
| 338 |
_aWolumin _bnc _2rdacarrier |
||
| 380 | _aKsiążki | ||
| 380 | _aPoradniki i przewodniki | ||
| 388 | 1 | _a2001- | |
| 490 | 1 |
_aBiblioteka Gazety Wyborczej. Podróże Marzeń ; _v17 |
|
| 504 | _aIndeks. | ||
| 650 | 7 | _aTurystyka | |
| 651 | 7 |
_aBrazylia _2DBN |
|
| 655 | 7 |
_aPrzewodnik turystyczny _2DBN |
|
| 658 | _aPodróże i turystyka | ||
| 700 | 1 |
_aLadle, Jane _eRedakcja |
|
| 700 | 1 |
_aMakulski, Dariusz _eTłumaczenie |
|
| 700 | 1 |
_aRudnicki, Bogdan _eOpracowanie |
|
| 710 | 2 |
_aMediaprofit _4pbl |
|
| 830 | 0 |
_aBiblioteka Gazety Wyborczej. _pPodróże Marzeń _v17 |
|
| 856 |
_uhttp://koha.tu.koszalin.pl/cgi-bin/koha/opac-detail.pl?biblionumber=51672 _yKatalog online BPK |
||
| 942 |
_2UKD _cKS |
||
| 999 |
_c51672 _d51672 |
||